书目信息 |
| 题名: |
教育评估理论与实践
|
|
| 作者: | ;北京市高教局 , 北京航空学院 , 北京师范大学 编 | |
| 分册: | ||
| 出版信息: | 北京 北京航空学院出版社 1987 |
|
| 页数: | 213页 | |
| 开本: | 19cm | |
| 丛书名: | ||
| 单 册: | ||
| 中图分类: | G449 , G4 | |
| 科图分类: | ||
| 主题词: | 教育-评估 , 评估-教育 | |
| 电子资源: | ||
| ISBN: | 7-81012-000-X | |
| 000 | 00816nam0 2200277 45 | |
| 001 | 0187001730 | |
| 005 | 20040429143526.8 | |
| 010 | @a7-81012-000-X@dCNY1.60 | |
| 100 | @a19900808d1987 emky0chiy0121 ea | |
| 101 | 0 | @achi |
| 102 | @aCN@b110000 | |
| 105 | @ay z 000yy | |
| 106 | @ar | |
| 200 | 10 | @a教育评估理论与实践@Ajiao yu ping gu li lun yu shi jian@f北京市高教局等编 |
| 210 | @a北京@c北京航空学院出版社@d1987 | |
| 215 | @a213页@d19cm | |
| 606 | @a教育-评估 | |
| 606 | @a评估-教育 | |
| 690 | @aG449@v3 | |
| 690 | @aG4 | |
| 711 | 02 | @a北京市高教局@Abei jing shi gao jiao ju@4编 |
| 711 | 02 | @a北京航空学院@Abei jing hang kong xue yuan@4编 |
| 711 | 02 | @a北京师范大学@Abei jing shi fan da xue@4编 |
| 801 | 0 | @aCN@b深圳图书馆@c20040429 |
| 801 | 2 | @aCN@bNLC@c20040429 |
| 905 | @f2@b201447-448@dG4@e11 | |
| 教育评估理论与实践/北京市高教局等编.-北京:北京航空学院出版社,1987 |
| 213页;19cm |
| ISBN 7-81012-000-X:CNY1.60 |
| ● |
| 相关链接 |
|
|
|
|
正题名:教育评估理论与实践
索取号:G4/11
 
预约/预借
| 序号 | 登录号 | 条形码 | 馆藏地/架位号 | 状态 | 备注 |
| 1 | 0201447 | 000310238 | 密集书库/ [索取号:G4/11] | 在馆 | |
| 2 | 0201448 | 000310247 | 密集书库/ [索取号:G4/11] | 在馆 | |
| 3 | 0201449 | 002058784 | 第一样本阅览室/ [索取号:G4/11] | 在馆 |